| Tag |
First Indicator |
Second Indicator |
Subfields |
| LEADER |
00000cam a2200000 4500 |
| 001 |
in00000282973 |
| 005 |
20151010090925.0 |
| 008 |
720919s1951 iluabc b 00000 eng |
| 010 |
|
|
|a 51004462
|
| 035 |
|
|
|a (OCoLC)00409013
|
| 035 |
|
|
|9 ABG4982AM
|
| 040 |
|
|
|c WSU
|d TXA
|d UtOrBLW
|
| 049 |
|
|
|a TXAM
|c 1 [211352]
|c 2 [909536]
|
| 082 |
0 |
|
|a 954
|
| 090 |
|
|
|a DS407
|b .W3
|
| 100 |
1 |
|
|a Wallbank, T. Walter
|q (Thomas Walter),
|d 1901-
|
| 245 |
1 |
0 |
|a India in the new era ;
|b a study of the origin and development of the Indian Union and Pakistan, new nations in a changing Asia.
|
| 264 |
|
1 |
|a Chicago :
|b Scott, Foresman,
|c [1951]
|
| 300 |
|
|
|a 204 pages :
|b illustrations, portraits, maps. ;
|c 31 cm.
|
| 336 |
|
|
|a text
|b txt
|2 rdacontent
|
| 337 |
|
|
|a unmediated
|b n
|2 rdamedia
|
| 338 |
|
|
|a volume
|b nc
|2 rdacarrier
|
| 504 |
|
|
|a Includes bibliographical references. Bibliography: page 195.
|
| 651 |
|
0 |
|a India
|x History.
|
| 999 |
|
|
|a MARS
|
| 999 |
f |
f |
|s 5671af68-c128-331e-a5f7-b288eb38bcb6
|i a6d17a43-bd40-3b8e-9183-04c91834566d
|t 0
|
| 952 |
f |
f |
|p ric
|a Texas A&M University
|b Rellis Campus
|c Joint Library Facility
|s JLF
|d Remote Storage
|t 0
|e DS407 .W3
|h Library of Congress classification
|i unmediated -- volume
|m A14802043899
|
| 998 |
f |
f |
|a DS407 .W3
|t 0
|l Remote Storage
|